| 000 | 00564cam a2200169 i 4500 | ||
|---|---|---|---|
| 001 | 000035200 | ||
| 005 | 20200930074155.0 | ||
| 008 | 760827s1933 sp b 000 0 spa | ||
| 040 |
_aDO-SdBNP _bspa _cBNPHU |
||
| 082 |
_axxxx _bR621v |
||
| 100 | 1 |
_aRivera, José Eustasio, _d1888-1928. _910594 |
|
| 245 | 1 | 3 |
_aLa voragine / _cJosé Eustasio Rivera ; al eximio literato y poeta doctor don Antonio Gómez Restrepo. |
| 260 |
_aBarcelona : _bM. Aguilar Editor, _c1933. |
||
| 300 |
_a310 p. ; il. ; _c19 cm. |
||
| 700 | 1 |
_aGómez Restrepo, Antonio _914673 |
|
| 049 | _aBNGR | ||
| 999 |
_c34691 _d34691 |
||